Issues for today / (Record no. 284560)
[ view plain ]
| 000 -LEADER | |
|---|---|
| fixed length control field | 00968nam a22003375a 4500 |
| 001 - CONTROL NUMBER | |
| control field | 16109045 |
| 003 - CONTROL NUMBER IDENTIFIER | |
| control field | PILC |
| 005 - DATE AND TIME OF LATEST TRANSACTION | |
| control field | 20150601144038.0 |
| 008 - FIXED-LENGTH DATA ELEMENTS--GENERAL INFORMATION | |
| fixed length control field | 100226s2010 mau 000 0 eng |
| 010 ## - LIBRARY OF CONGRESS CONTROL NUMBER | |
| LC control number | 2010923663 |
| 020 ## - INTERNATIONAL STANDARD BOOK NUMBER | |
| International Standard Book Number | 9781111033576 (pbk.) |
| 020 ## - INTERNATIONAL STANDARD BOOK NUMBER | |
| International Standard Book Number | 1111033579 (pbk.) |
| 020 ## - INTERNATIONAL STANDARD BOOK NUMBER | |
| International Standard Book Number | 9781111056568 (pbk.) |
| 020 ## - INTERNATIONAL STANDARD BOOK NUMBER | |
| International Standard Book Number | 1111056560 (pbk.) |
| 040 ## - CATALOGING SOURCE | |
| Original cataloging agency | DLC |
| Transcribing agency | DLC |
| 042 ## - AUTHENTICATION CODE | |
| Authentication code | pcc |
| 050 ## - LIBRARY OF CONGRESS CALL NUMBER | |
| Classification number | HF 5801 |
| Item number | .Sm642 2011 |
| 100 1# - MAIN ENTRY--PERSONAL NAME | |
| Personal name | Smith, Lorraine C. |
| 245 10 - TITLE STATEMENT | |
| Title | Issues for today / |
| Statement of responsibility, etc | Lorraine C. Smith, Nancy Nici Mare. |
| 250 ## - EDITION STATEMENT | |
| Edition statement | 4th ed. |
| 260 ## - PUBLICATION, DISTRIBUTION, ETC. (IMPRINT) | |
| Place of publication, distribution, etc | Boston, MA : |
| Name of publisher, distributor, etc | Heinle/Cengage Learning, |
| Date of publication, distribution, etc | 2010. |
| 263 ## - PROJECTED PUBLICATION DATE | |
| Projected publication date | 1004 |
| 300 ## - PHYSICAL DESCRIPTION | |
| Extent | xx, 236 pages : |
| Other physical details | illustrations (chiefly color) ; |
| Dimensions | 24 cm. |
| 490 0# - SERIES STATEMENT | |
| Series statement | Reading for today ; |
| Volume number/sequential designation | bk. 3 |
| 500 ## - GENERAL NOTE | |
| General note | Includes index. |
| 650 ## - SUBJECT ADDED ENTRY--TOPICAL TERM | |
| Topical term or geographic name as entry element | Trends. |
| 700 ## - ADDED ENTRY--PERSONAL NAME | |
| Personal name | Mare, Nancy Nici. |
| 906 ## - LOCAL DATA ELEMENT F, LDF (RLIN) | |
| a | 0 |
| b | ibc |
| c | orignew |
| d | 2 |
| e | epcn |
| f | 20 |
| g | y-gencatlg |
| 942 ## - ADDED ENTRY ELEMENTS (KOHA) | |
| Source of classification or shelving scheme | Library of Congress Classification |
| Koha item type | Books |
| Call number prefix | Foreign |
| Withdrawn status | Lost status | Source of classification or shelving scheme | Damaged status | Home library | Current library | Shelving location | Date acquired | Source of acquisition | Total Checkouts | Full call number | Barcode | Date last seen | Price effective from | Koha item type |
|---|---|---|---|---|---|---|---|---|---|---|---|---|---|---|
| Library of Congress Classification | College Library | College Library | General Circulation Section | 06/01/2015 | Library Fund | HF 5801 .Sm642 2011 | C19481 | 05/15/2018 | 06/01/2015 | Books |